000 01187nam a22001577a 4500
008 120830t xxu||||| |||| 00| 0 eng d
020 _a0070239010
050 _aQA276.12.G65
100 _aGordon, Sheldon P.
245 _aContemporary statistics: a computer approach. /
_cSheldon P Gordon
260 _aNew York:
_bMcGraw - Hill,
_c1994.
300 _axv, 695 p.:
_bill.;
_c24cm.
505 _aContents: Introduction to statistics and the computer -- Descriptive statistics -- Numerical description of data -- Probability -- Discrete probability distributions -- The Normal distribution -- Sampling -- Estimation -- Hypothesis testing -- Correlation and regression analysis -- The Chi - square distribution -- Analysis of variance -- Nonparametric statistical tests -- Appendix I: Baseball statistics data set -- Appendix II: Weather data set -- Appendix III: Stock exchange data set -- Table I: Random numbers -- Binomial probabilities -- Areas under the the standard normal curve -- Critical values of the t- distribution -- Critical values of r -- Values of x -- Critical values for the kolmogrow - smirnov test of googness of fit.
700 _aGordon, Flroence S.
942 _2lcc
_cBK
999 _c2246
_d9746